000 00638nam a2200169Ia 4500
008 090711s9999 xx 000 0 und d
082 _b60
100 _aदेशपांडे पु. ल.
245 _aअशी ही पु. लं. Sाी `फुलराणी'
260 _bसंयम पब्लिकेशन
_c2001
300 _a128
600 _aदेशपांडे पु. ल.
630 _aअशी ही पु. लं. Sाी `फुलराणी'
700 _aदेशपांडे पु. ल.
730 _aअशी ही पु. लं. Sाी `फुलराणी'
942 _cBOOK
999 _c339245
_d339242